Co to za kraj( Banalny) - Statystyki

Ogólne statystyki
  • Ten quiz został rozwiązany 192 razy
  • Średni wynik to 7 z 8
Statystyki odpowiedzi
Zagadnienie Odpowiedź % Poprawnych
W tym kraju stoi wieża Eiffla Francja
100%
Stolicą tego kraju jest Tokyo Japonia
100%
Prezydentem tego kraju jest Andrzej Duda Polska
100%
W jakim kraju leży statua wolności Stany Zjednoczone
100%
W tym kraju pochodzą kebaby Turcja
100%
W tym kraju mieszka Królowa Elżbieta II Wielka Brytania
100%
W tym kraju urodził się Cristiano Ronaldo Portugalia
91%
W tym kraju powstała nokia Finlandia
36%
Nie znaleziono quizów pasujących do podanych kryteriów
Rozkład punktacji
Procent ludzi z każdym wynikiem
Percentyl według liczby udzielonych odpowiedzi
Twoja historia wyników
Nie rozwiązałeś tego quizu